載入...
Tagore Kathakal /
| 主要作者: | |
|---|---|
| 格式: | Printed Book |
| 語言: | Malayalam |
| 出版: |
S.P.C.S. ,
1961.
|
| LEADER | 00442nam a2200133Ia 4500 | ||
|---|---|---|---|
| 008 | 150624b xxu||||| |||| 00| | mal d | ||
| 082 | |a 891.4454T1 | ||
| 100 | |a Puthezham Tr | ||
| 245 | |c Puthezham Tr |a Tagore Kathakal / | ||
| 260 | |b S.P.C.S. , |c 1961. | ||
| 546 | |a In Malayalam. | ||
| 942 | |c BK | ||
| 999 | |c 70320 |d 70320 | ||
| 952 | |0 1 |1 0 |4 1 |6 891_000000000000000_4454T1_TAG_M |7 0 |9 70297 |a UL |b UL |c ST1 |d 1998-08-28 |l 0 |o 891.4454T1 TAG M |p 179 |r 2012-10-27 |w 2012-10-27 |y BK | ||